LEADER 01222nam a2200313 i 4500 001 991000938329707536 005 20020507180209.0 008 950202s1983 it ||| | ita 035 $ab10778342-39ule_inst 035 $aLE01304581$9ExL 040 $aDip.to Matematica$beng 082 0 $a516 084 $aAMS 51-01 084 $aAMS 51-XX 100 1 $aAccascina, Giuseppe$0432276 245 10$aGeometria /$cGiuseppe Accascina, Vinicio Villani 260 $aPisa :$bETS (Editrice Tecnico Scientifica),$cc1983 300 $a366 p. ;$c24 cm 490 0 $aMateriali didattici ETS ;$v28 490 0 $aScienze matematiche, fisiche e naturali ;$v15 650 0$aGeometry$xTextbooks 700 1 $aVillani, Vinicio$eauthor$4http://id.loc.gov/vocabulary/relators/aut$0101210 907 $a.b10778342$b28-03-17$c28-06-02 912 $a991000938329707536 945 $aLE013 51-XX ACC11 C.1 (1983)$g1$i2013000017839$lle013$o-$pE0.00$q-$rl$s- $t0$u14$v0$w14$x0$y.i10877654$z28-06-02 945 $aLE013 51-XX ACC11 C.2 (1983)$g2$i2013000020365$lle013$o-$pE0.00$q-$rn$s- $t1$u4$v0$w4$x0$y.i10877666$z28-06-02 996 $aGeometria$933886 997 $aUNISALENTO 998 $ale013$b02-02-95$cm$da $e-$fita$git $h0$i2 LEADER 00868nam0-2200301 --450 001 9910770900703321 005 20240110124442.0 010 $a978-88-576-0177-9 100 $a20240110d2011----kmuy0itay5050 ba 101 0 $aeng 102 $aIT 105 $aa 001yy 200 1 $a1000 soluzioni grafiche$egraffiti e street art$fCristian Campos 210 $aModena$cLogos$d2011 215 $a319 p.$cin gran parte ill.$d24x24 cm 300 $aTesto in inglese 532 01$aMille soluzioni grafiche 610 0 $aPittura murale$aSec. 20.-21. 610 0 $aStreet art$aSec. 20.-21. 676 $a751.73 700 1$aCampos,$bCristian$0307971 801 0$aIT$bUNINA$gREICAT$2UNIMARC 901 $aBK 912 $a9910770900703321 952 $aART.FI B 710$b996/2023$fFARBC 959 $aFARBC 996 $a1000 soluzioni grafiche$93660538 997 $aUNINA